000 00735nam a22002177a 4500
999 _c7151
_d7151
003 OSt
005 20211222143023.0
008 180705s2018 spca 000 0 spa|d
017 _aDL B 2390-2108
_bBiblioteca de Catalunya
020 _a9788417114725
040 _aES-BaUAB
_bcat
_cCDMR
100 1 _aAmorós Garcia, Marc,
_eautor
245 1 0 _aFake news
_b: la verdad de las noticias falsas /
_cMarc Amorós Garcia ; prólogo de Jordi Évole
260 _aBarcelona :
_bPlataforma,
_c2018
300 _a192 p. :
_bil ;
_c22 cm
650 4 _aDesinformació
_94286
650 0 _aFake news
_94796
650 0 4 _aMitjans de comunicació de massa
_93243
_xManipulació
700 1 _aÉvole, Jordi,
_eescriptor d'un pròleg
942 _cMON
_2udc